000 05602nam0a22004331 4500
001 RU\NLR\BIBL_A\012003997
005 20260407113159.0
035 _a(NLR Aleph) 012003997
090 _a11418697
_c11418697
100 _a20190506j1815 |||y0rusy50 ca
101 0 _arus
102 _aRU
105 _ay n 000yy
200 1 _a[О рассылке именного указа "О имении серебряных петлиц на мундирах офицерам лейб-гвардии казачего полка по две, а Войска Донского по одной"]
210 _a[Б.м.
_dдек. 1815]
215 _a[2] с.
_d
300 _aПриказ по Военному министерству о рассылке именного указа от 20 нояб. 1815 г., объявленного Войска Донского войсковому атаману графу Платову (ПСЗ. Т.33. 26002)
300 _aНапеч. на одной стороне листа
300 _aРеквизиты док. напеч. слева от текста приказа: Министерство военное. Департамент инспекторский. Отделение I. Стол 1. Декабря 1815. №.
300 _aТекст начинается словами: С полученнаго при предложении господина управляющаго Военным министерством от 3 сего декабря за № 7759 в копии имяннаго высочайшаго указа, последовавшаго на имя господина генерала от кавалерии, Войска Донскаго войсковаго атамана графа Платова...
316 _aЭкз. РНБ (135/310-1815-342) является частью владельческого конволюта. Припл. к: [Приказ по Инспекторскому департаменту о принятии в военную службу статских чиновников]. - [Б.м., дек. 1814]. Вверху с. рукоп. надпись: № 1946. 31го декаб. 1815го. Дата рассылки "24" и исход. номер "19182" вписаны от руки в реквизиты слева от текста. Перед текстом рукоп. запись: "Главнокомандующему в Санктпетербурге, господину генералу от инфантерии и кавалеру Вязмитинову". В текст приказа от руки вписано количество экз.: "5", слово "экземпляр" от руки дописано "ов". После текста подписи: за директора генерал-маиор "Гогель" и начальник отделения "Паглиновский". В правом верхнем углу от руки вписан номер л.: 507.
_5NLR: 135/310-1815-342
482 0 _1RU\NLR\BIBL_A\011927950
_12001#$a[Приказ по Инспекторскому департаменту о принятии в военную службу статских чиновников]
_1210##$a[Б.м.,$dдек. 1814]
_t[Приказ по Инспекторскому департаменту о принятии в военную службу статских чиновников]
517 1 _aО имении серебряных петлиц на мундирах офицерам лейб-гвардии казачего полка по две, а Войска Донского по одной
517 1 _aС полученнаго при предложении господина управляющаго Военным министерством от 3 сего декабря за № 7759 в копии имяннаго высочайшаго указа, последовавшаго на имя господина генерала от кавалерии, Войска Донскаго войсковаго атамана графа Платова...
518 1 _aС полученного при предложении господина управляющего Военным министерством от 3 сего декабря за № 7759 в копии именного высочайшего указа, последовавшего на имя господина генерала от кавалерии, Войска Донского войскового атамана графа Платова...
606 1 _aЗаконодательство
_yРоссия
_z1801 - 1825
_92280395
_3RU\NLR\AUTH\6601594564
686 _aХ2(2)47-3
702 1 _4720
_7ca
_8rus
_aПаглиновский
_bД. М.
_f1768-1840
_gДмитрий Моисеевич
_9200630
_3RU\NLR\AUTH\770200681
702 1 _4720
_7ca
_8rus
_aГогель
_bИ. Г.
_f1773-1834
_gИван Григорьевич
_9203096
_3RU\NLR\AUTH\770203147
702 1 _4660
_8rus
_7ca
_aВязмитинов
_bС. К.
_f1744-1819
_gСергей Кузьмич
_3RU\NLR\AUTH\7797391
_980317
702 1 _4570
_8rus
_7ca
_aПлатов
_bМ. И.
_f1751-1818
_gМатвей Иванович
_3RU\NLR\AUTH\7768020
_950948
710 0 1 _aРоссия
_bВоенное министерство
_bИнспекторский департамент
_3RU\NLR\AUTH\889942269
_9379393
711 0 2 _aДонское казачье войско
_3RU\NLR\AUTH\888966
_9290433
852 _aNLR
_j135/310-1815-342
942 _cBOOK
980 _aNB
980 _aA1UKAZ